00949nam a22002537a 450000100060000000300090000600500170001500800410003202000250007304000480009808200200014610000180016624500440018424600450022825000130027326000470028630000260033350000240035950400360038352001240041965000560054365000430059970000530064221727BD-DhUAP20221203121000.0041102s20052010enk f b 001 0 eng  a9780198818403 (pbk.) aBD-DhUAPbengcBD-DhUAPdBD-DhUAPeBD-DhUAP04a364.941 CAM2221 aCampbell, Liz14aThe criminal process /c Liz Campbell, 33aCriminal process :ban evaluative study. a5th. ed. aOxford :bOxford University Press,cc2010. axix, 415 p. ;c25 cm. aPrevious ed.: 1998. aInclude bibliography and Index. aThe Criminal Process addresses one of the most controversial areas of the entire criminal process: the pre-trial stage. 0aCriminal justice, Administration ofzGreat Britain. 0aCriminal investigationzGreat Britain.1 aLiz Campbell, Andrew Ashworth and Mike Redmayne.